What is zero carbon? (Record no. 78236)
[ view plain ]
| 000 -LEADER | |
|---|---|
| fixed length control field | 01060cab a2200205 4500 |
| 001 - CONTROL NUMBER | |
| control field | ##L136293 |
| 008 - FIXED-LENGTH DATA ELEMENTS--GENERAL INFORMATION | |
| fixed length control field | 070123n2007 000 0 eng u |
| 035 ## - SYSTEM CONTROL NUMBER | |
| System control number | (Sirsi) u136293 |
| 041 0# - LANGUAGE CODE | |
| Language code of text/sound track or separate title | eng |
| 100 1# - MAIN ENTRY--PERSONAL NAME | |
| Personal name | Tebbit, John |
| 245 00 - TITLE STATEMENT | |
| Title | What is zero carbon? |
| 260 ## - PUBLICATION, DISTRIBUTION, ETC. | |
| Date of publication, distribution, etc. | 2007 |
| 490 #0 - SERIES STATEMENT | |
| Series statement | Contract Journal |
| Volume/sequential designation | 436(6608) 17 January 2007, 35(1) |
| 520 ## - SUMMARY, ETC. | |
| Summary, etc. | Attempts to clarify the various terms used in the zero carbon buildings debate. Defines zero carbon as absolutely no emissions of carbon dioxide and explains what this means for energy generation (use of solar, wind and hydroelectric) and for a building to be zero carbon. Also looks at the terms zero net carbon and carbon neutral, explaining how these can be achieved. Concludes by outlining the different levels in the "Code for sustainable homes" (L135998) and requesting clarity from government on the code and definitions. |
| 590 ## - LOCAL NOTE (RLIN) | |
| Local note | KA |
| 650 24 - SUBJECT ADDED ENTRY--TOPICAL TERM | |
| Topical term or geographic name entry element | DCLG CODE FOR SUSTAINABLE HOMES |
| 651 #4 - SUBJECT ADDED ENTRY--GEOGRAPHIC NAME | |
| Geographic name | England and Wales |
| Chronological subdivision | 1543- |
| 690 ## - LOCAL SUBJECT ADDED ENTRY--TOPICAL TERM (OCLC, RLIN) | |
| Topical term or geographic name as entry element | BUILT ENVIRONMENT-BUILDING STANDARDS |
| 942 ## - ADDED ENTRY ELEMENTS (KOHA) | |
| Suppress in OPAC | 0 |
| Withdrawn status | Lost status | Source of classification or shelving scheme | Damaged status | Not for loan | Home library | Current library | Shelving location | Date acquired | Total Checkouts | Full call number | Barcode | Date last seen | Copy number | Price effective from | Koha item type |
|---|---|---|---|---|---|---|---|---|---|---|---|---|---|---|---|
| Dewey Decimal Classification | London | London | Journal article | 23/01/2007 | L136293 | 136293-2001 | 06/08/2019 | 1 | 06/08/2019 | Journal article |